The Idea Of Pakistan/ (Record no. 68669)

MARC details
000 -LEADER
fixed length control field 00786nam a22002057a 4500
005 - DATE AND TIME OF LATEST TRANSACTION
control field 20120725151056.0
010 ## - LCCN (DPL NO)
LC control number G-002059
020 ## - INTERNATIONAL STANDARD BOOK NUMBER
International Standard Book Number 9780195673500
Terms of availability 495.00
035 ## - SYSTEM CONTROL NUMBER
System control number G-002059
037 ## - SOURCE OF ACQUISITION
Stock number dpl
Source of stock number/acquisition Gift
082 ## - DEWEY DECIMAL CLASSIFICATION NUMBER
Classification number 954.91
100 ## - MAIN ENTRY--PERSONAL NAME
Personal name Cohen, Stephen Philip.
245 ## - TITLE STATEMENT
Title The Idea Of Pakistan/
Statement of responsibility, etc by Stephen Philip Cohen
260 ## - PUBLICATION, DISTRIBUTION, ETC. (IMPRINT)
Place of publication, distribution, etc New Delhi
Name of publisher, distributor, etc Oxford University Press
Date of publication, distribution, etc 2005
270 ## - ADDRESS
Address YMCA Library Building,Jai Singh Road
City New Delhi
Postal code 110001
300 ## - PHYSICAL DESCRIPTION
Extent 382 p.
Other physical details notes,index..
Dimensions 22cm
942 ## - ADDED ENTRY ELEMENTS (KOHA)
Source of classification or shelving scheme Dewey Decimal Classification
Item type English Books
Call number suffix COH
Classification part 954.91
Holdings
Withdrawn status Lost status Not for loan Collection code Home library Current library Date acquired Source of acquisition Cost, normal purchase price Full call number Barcode Copy number Cost, replacement price Koha item type
      Non-fiction Vinoba Puri Vinoba Puri 25/07/2012 Gift 495.00 954.91 COH G-002059 1 495.00 English Books

© Delhi Public Library
Hit Counter
free hit counter